| 000 | 00765nam a2200253Ia 4500 | ||
|---|---|---|---|
| 001 | dia_4046 | ||
| 003 | CHAP | ||
| 005 | 20251029152547.0 | ||
| 008 | 220117s1984 xx 000 0 und d | ||
| 010 | _a170749 | ||
| 040 |
_cCHAP _amxchpua |
||
| 090 | _aFOLLETO 2370 | ||
| 100 |
_aMedina Esparza, Jesus _9147851 |
||
| 245 |
_aGuía para producir chile habanero en la Zona Henequenera / _c Jesus Medina Esparza |
||
| 260 |
_aMéxico : _b INIA, Campo Agrícola Experimental de Zona Henequenera, _c1984 |
||
| 300 | _a14 p. | ||
| 500 | _aS/c | ||
| 650 |
_aChile habanero _xCultivo _9147852 |
||
| 700 |
_aINIA _9147848 |
||
| 901 | _aFOLLETO 2370 | ||
| 902 | _aM | ||
| 905 | _a0000001984 mx A 0000000000spa00 | ||
| 942 |
_cFOLL _2local |
||
| 999 |
_c170749 _d170749 |
||